[Event "World Rapid Women 2021"]
[Site "Warsaw POL"]
[Date "2021.12.26"]
[Round "1.24"]
[White "Bulmaga, Irina"]
[Black "Smirnova, Ekaterina"]
[Result "1-0"]
[WhiteTitle "IM"]
[BlackTitle "WIM"]
[WhiteElo "2390"]
[BlackElo "2196"]
[WhiteFideId "13903063"]
[BlackFideId "4110943"]
[EventDate "2021.12.26"]

1. e4 e6 2. d4 d5 3. Nc3 Bb4 4. e5 c5 5. a3 Bxc3+ 6. bxc3 Qc7 7. Qg4 f6 8. Nf3
c4 9. h4 Nc6 10. Qg3 Qf7 11. h5 Bd7 12. h6 Nxh6 13. Bxh6 gxh6 14. Rxh6 fxe5 15.
Nxe5 Nxe5 16. Qxe5 Rf8 17. Qh5 O-O-O 18. Qxf7 Rxf7 19. Be2 Rdf8 20. Bf3 Kc7 21.
Kd2 Kd6 22. Rah1 Rh8 23. Ke3 Rg7 24. R1h5 Ke7 25. Re5 Kd8 26. g3 Rf8 27. Bg2
Rgf7 28. f4 Rg7 29. Kf2 Rfg8 30. Re3 Re8 31. Bh3 Rge7 32. Re5 Kc7 33. Bg4 Kd6
34. f5 Kc7 35. fxe6 Ba4 36. Rxd5 Bxc2 37. Rf6 Bd3 38. Rf7 a6 39. Rd7+ Rxd7 40.
Rxd7+ Kb6 41. d5 Be4 42. Ke3 Bg6 43. Kd4 h5 44. Be2 1-0

[Event "World Rapid Women 2021"]
[Site "Warsaw POL"]
[Date "2021.12.26"]
[Round "1.25"]
[White "Bartel, Marta"]
[Black "Padmini, Rout"]
[Result "1/2-1/2"]
[WhiteTitle "WGM"]
[BlackTitle "IM"]
[WhiteElo "2192"]
[BlackElo "2345"]
[WhiteFideId "1123009"]
[BlackFideId "5029295"]
[EventDate "2021.12.26"]

1. d4 Nf6 2. c4 g6 3. Nc3 d5 4. Bg5 Bg7 5. e3 Ne4 6. Bh4 Nxc3 7. bxc3 c5 8. cxd5
Qxd5 9. Nf3 Nc6 10. Be2 O-O 11. O-O cxd4 12. cxd4 Bf5 13. Nd2 Rac8 14. Bf3 Qd8
15. Nb3 b6 16. Rc1 Nb4 17. Rxc8 Bxc8 18. Qd2 Nd5 19. e4 Nf6 20. d5 e5 21. dxe6
Qxd2 22. exf7+ Rxf7 23. Nxd2 Be6 24. a4 Nd7 25. Bg5 Nc5 26. a5 bxa5 27. Rc1 Bd4
28. h3 a4 29. Nc4 Nd3 30. Rc2 Rc7 31. Na3 Rxc2 32. Nxc2 Bxf2+ 33. Kf1 Bb3 34.
Be2 Bxc2 35. Bxd3 Bxd3+ 36. Kxf2 Bxe4 37. Bc1 Kf7 38. g3 Ke6 39. Ke3 Kd5 40. h4
h5 41. Bb2 Bf5 42. Bf6 Kc4 43. Kd2 a3 44. Kc1 a5 45. Bg7 a4 46. Bf6 Kd5 47. Be7
a2 48. Kb2 Bb1 49. Bf8 Ke4 50. Bd6 Kf3 51. Bc7 a3+ 52. Ka1 Kg4 53. Bb8 1/2-1/2

[Event "World Rapid Women 2021"]
[Site "Warsaw POL"]
[Date "2021.12.26"]
[Round "1.26"]
[White "Zatonskih, Anna"]
[Black "Utiatskaja, Irina"]
[Result "1-0"]
[WhiteTitle "IM"]
[BlackTitle "WIM"]
[WhiteElo "2403"]
[BlackElo "2184"]
[WhiteFideId "14101572"]
[BlackFideId "24140848"]
[EventDate "2021.12.26"]

1. d4 Nf6 2. c4 g6 3. Nc3 d5 4. cxd5 Nxd5 5. Bd2 c5 6. dxc5 Bg7 7. Rc1 O-O 8. a3
Bf5 9. Nf3 Na6 10. b4 Rc8 11. e3 Naxb4 12. axb4 Nxb4 13. e4 Bg4 14. Be2 Bxf3 15.
gxf3 Nd3+ 16. Bxd3 Qxd3 17. Nd5 Rfe8 18. Be3 Qa6 19. Qe2 Qe6 20. O-O Qh3 21. Kh1
Rc6 22. f4 e6 23. Nb4 Rc7 24. f3 Bh6 25. Nd3 Qh4 26. Rg1 Rd8 27. Ne5 Bg7 28.
Rgd1 Rdc8 29. Nc4 Bh6 30. Qd2 b5 31. Nd6 Rd8 32. e5 a6 33. Rg1 Rdd7 34. c6 Rd8
35. Rg4 Qh3 36. Qg2 Qxg2+ 37. Rxg2 Bf8 38. Bb6 1-0

[Event "World Rapid Women 2021"]
[Site "Warsaw POL"]
[Date "2021.12.26"]
[Round "1.27"]
[White "Serikbay, Assel"]
[Black "Zawadzka, Jolanta"]
[Result "1-0"]
[WhiteTitle "WIM"]
[BlackTitle "WGM"]
[WhiteElo "2263"]
[BlackElo "2426"]
[WhiteFideId "13706799"]
[BlackFideId "1122320"]
[EventDate "2021.12.26"]

1. d4 d5 2. Nf3 Nf6 3. c4 e6 4. g3 dxc4 5. Bg2 Bd7 6. Ne5 Bc6 7. Nxc6 Nxc6 8. e3
Qd7 9. O-O Rd8 10. Qe2 e5 11. Rd1 exd4 12. exd4+ Be7 13. d5 O-O 14. Qxc4 Ne5 15.
Qe2 Ng6 16. Nc3 Rfe8 17. Qc2 a6 18. Be3 Bd6 19. Bg5 Be7 20. Rac1 Rc8 21. Qb3 b5
22. Bxf6 Bxf6 23. Ne4 Be7 24. Rc6 Ra8 25. Rdc1 Bd6 26. Nxd6 cxd6 27. Qa3 Ne5 28.
Rxd6 Qf5 29. Rxa6 Rad8 30. d6 Nd3 31. Rf1 Re1 32. f3 Rxf1+ 33. Bxf1 Ne5 34. Be2
Qb1+ 35. Kf2 g6 36. Ra8 Rxa8 37. Qxa8+ Kg7 38. Qd5 Nd7 39. Qxb5 Nf8 40. d7 Ne6
41. Qe5+ Kg8 42. Qxe6 1-0

[Event "World Rapid Women 2021"]
[Site "Warsaw POL"]
[Date "2021.12.26"]
[Round "1.28"]
[White "Zhukova, Natalia"]
[Black "Kucharska, Honorata"]
[Result "1-0"]
[WhiteTitle "GM"]
[BlackTitle "WFM"]
[WhiteElo "2335"]
[BlackElo "2146"]
[WhiteFideId "14101513"]
[BlackFideId "1163868"]
[EventDate "2021.12.26"]

1. c4 e5 2. Nc3 Nf6 3. Nf3 Nc6 4. e4 Bb4 5. d3 d6 6. a3 Ba5 7. g3 Bg4 8. Bg2 O-O
9. h3 Bxf3 10. Bxf3 Nd4 11. Bg2 c6 12. O-O Qd7 13. Be3 Bxc3 14. bxc3 Ne6 15. f4
Rfe8 16. f5 Nf8 17. g4 h6 18. h4 Rad8 19. g5 hxg5 20. hxg5 N6h7 21. Qh5 b6 22.
a4 d5 23. exd5 g6 24. fxg6 Nxg6 25. Be4 Nhf8 26. dxc6 Qd6 27. Rf6 Re6 28. Raf1
Rxf6 29. Rxf6 Qe7 30. Bd5 Rxd5 31. cxd5 Nf4 32. Bxf4 exf4 33. Qxf7+ Qxf7 34.
Rxf7 Kxf7 35. c7 1-0

[Event "World Rapid Women 2021"]
[Site "Warsaw POL"]
[Date "2021.12.26"]
[Round "1.29"]
[White "Nurgali, Nazerke"]
[Black "Efimenko, Maria"]
[Result "1-0"]
[WhiteTitle "WIM"]
[BlackTitle "WIM"]
[WhiteElo "2260"]
[BlackElo "2245"]
[WhiteFideId "13711261"]
[BlackFideId "14124327"]
[EventDate "2021.12.26"]

1. d4 d6 2. Nf3 g6 3. c4 Bg7 4. Nc3 Bg4 5. g3 Nf6 6. Bg2 Qc8 7. h3 Be6 8. Qb3 c6
9. Ng5 Bd7 10. c5 d5 11. O-O h6 12. Nf3 O-O 13. Kh2 Na6 14. Bf4 Nh5 15. Bd2 Qc7
16. e4 dxe4 17. Nxe4 Be6 18. Qa4 Rfd8 19. Rac1 Bd5 20. Rfe1 Qc8 21. Ba5 Nc7 22.
Rcd1 b6 23. Bc3 Ne6 24. Qc2 Qc7 25. b4 Kh7 26. Ne5 Bxe5 27. dxe5 bxc5 28. Nxc5
Nxc5 29. bxc5 e6 30. Qa4 Rdb8 31. Rb1 Ng7 32. Rb4 Rxb4 33. Qxb4 Rb8 34. Qf4 Rb5
35. Bd2 g5 36. Qd4 Nf5 37. Qc3 Qe7 38. Bxd5 cxd5 39. Rc1 Qc7 40. a4 d4 41. Qc2
d3 42. Qxd3 Rxc5 43. Rxc5 Qxc5 44. g4 Qxe5+ 45. Kg2 Qd4 46. Qc2 Qd5+ 47. Kg1 Kg6
48. gxf5+ exf5 49. Be3 a6 50. Qc5 Qf3 51. Qd6+ f6 52. Qxa6 Qxh3 53. Qc4 f4 54.
Qe4+ Kf7 55. Qh7+ Ke6 56. Qg8+ Ke5 57. Qe8+ Kd5 58. Qd8+ Ke4 59. Qd4+ Kf3 60.
Qd1+ Ke4 61. Bc5 Qc3 62. Bb6 f3 63. a5 Qc4 64. Qd4+ Qxd4 65. Bxd4 Kd5 66. Bxf6
Kc6 67. Bg7 h5 68. Kh2 Kb5 69. Bc3 g4 70. Kg3 Ka6 71. Kh4 Kb5 72. Be5 1-0

[Event "World Rapid Women 2021"]
[Site "Warsaw POL"]
[Date "2021.12.26"]
[Round "1.30"]
[White "Michna, Marta"]
[Black "Nur-Mukhametova, Alisa"]
[Result "1-0"]
[WhiteTitle "WGM"]
[WhiteElo "2314"]
[BlackElo "2225"]
[WhiteFideId "1106686"]
[BlackFideId "54117739"]
[EventDate "2021.12.26"]

1. d4 Nf6 2. c3 g6 3. Nf3 Bg7 4. h3 b6 5. Bf4 Bb7 6. Nbd2 O-O 7. e3 d6 8. Be2
Nbd7 9. O-O Ne4 10. Bh2 e5 11. a4 a6 12. Qb1 Nxd2 13. Nxd2 Re8 14. Bf3 Bxf3 15.
Nxf3 exd4 16. cxd4 Nf6 17. Rd1 Ne4 18. Qc2 Qe7 19. Rac1 c5 20. Qd3 Qb7 21. Qb3
b5 22. d5 Rab8 23. Nd2 Nxd2 24. Rxd2 Be5 25. Bxe5 Rxe5 26. Rcd1 Re4 27. axb5
Qxb5 28. Qc3 Re5 29. Ra1 Qb7 30. Qc4 Qb5 31. Qh4 Kg7 32. Qf4 Rb6 33. Ra4 Qb3 34.
Rc4 a5 35. Rxc5 a4 36. Rc3 Qb5 37. Qd4 f6 38. Rc7+ Kg8 39. Qg4 Rb8 40. Rc8+ Rxc8
41. Qxc8+ Re8 42. Qc6 Qxc6 43. dxc6 Rd8 44. Rd4 Kf7 45. Rxa4 Rc8 46. Ra6 Ke6 47.
b4 Kd5 48. b5 Kc5 49. Ra7 Kxb5 50. Rxh7 Rxc6 51. Rh6 Kc5 52. Rxg6 d5 53. Rg4 Kd6
54. Kh2 Ke5 55. Rf4 Rc7 56. Kg3 Rg7+ 57. Kf3 Rh7 58. Rg4 Kf5 59. Kg3 Ke5 60. Rg8
Kf5 61. h4 Rh6 62. Re8 Rh7 63. Kh3 Rg7 64. f3 Rd7 65. g4+ Kg6 66. h5+ Kh7 67.
Kg3 Kg7 68. Kf4 d4 69. exd4 Rxd4+ 70. Re4 Rd7 71. Ra4 Rb7 72. Ra5 Rc7 73. Kf5
Rb7 74. f4 1-0

[Event "World Rapid Women 2021"]
[Site "Warsaw POL"]
[Date "2021.12.26"]
[Round "1.31"]
[White "Hryzlova, Sofiia"]
[Black "Pourkashiyan, Atousa"]
[Result "1/2-1/2"]
[WhiteTitle "WCM"]
[BlackTitle "WGM"]
[WhiteElo "2097"]
[BlackElo "2322"]
[WhiteFideId "14174669"]
[BlackFideId "12502014"]
[EventDate "2021.12.26"]

1. d4 Nf6 2. c4 e6 3. Nc3 Bb4 4. e3 O-O 5. Bd2 d5 6. Nf3 Nbd7 7. Bd3 dxc4 8.
Bxc4 a6 9. O-O b5 10. Bd3 Bb7 11. Rc1 c5 12. a3 Ba5 13. Qe2 Bb6 14. Rfd1 Qe7 15.
Bb1 Rfd8 16. Be1 Rac8 17. Ne5 Nxe5 18. dxe5 Nd7 19. f4 c4 20. Kh1 Nc5 21. Qg4
Nd3 22. Bxd3 Rxd3 23. Rxd3 cxd3 24. Bh4 Qf8 25. Rd1 Bd8 26. Rxd3 Bxh4 27. Qxh4
Qe8 28. Qe1 Rd8 29. Qd2 Rxd3 30. Qxd3 h6 31. b4 Qc6 32. e4 Qc7 33. Kg1 Qb6+ 34.
Kf1 a5 35. Qd6 Qe3 36. Qb8+ Kh7 37. Qxb7 Qxc3 38. bxa5 Qc1+ 39. Ke2 Qc2+ 40. Kf3
Qc3+ 41. Kg4 Qxa5 42. Qxf7 Qd2 43. Qxe6 Qxg2+ 44. Kh4 Qxh2+ 45. Kg4 Qg2+ 46. Kh4
Qxe4 47. Kg4 Qg2+ 48. Kh4 Qh2+ 49. Kg4 Qe2+ 50. Kh4 Qe4 51. Kg4 Qg2+ 52. Kh4
Qh2+ 53. Kg4 Qg2+ 54. Kh4 Qe4 55. Kg4 Qe2+ 56. Kh4 Qe1+ 57. Kg4 Qg1+ 58. Kh4
Qh2+ 59. Kg4 Qg2+ 1/2-1/2

[Event "World Rapid Women 2021"]
[Site "Warsaw POL"]
[Date "2021.12.26"]
[Round "1.32"]
[White "Badelka, Olga"]
[Black "Jakubowska, Anna"]
[Result "1/2-1/2"]
[WhiteTitle "IM"]
[BlackTitle "WIM"]
[WhiteElo "2453"]
[BlackElo "2106"]
[WhiteFideId "13509926"]
[BlackFideId "1121952"]
[EventDate "2021.12.26"]

1. c4 e5 2. g3 Nc6 3. Bg2 g6 4. Nc3 Bg7 5. e3 d6 6. Nge2 Nge7 7. d4 exd4 8. exd4
O-O 9. O-O Nf5 10. d5 Ne5 11. b3 h5 12. h3 Nh6 13. f4 Nd7 14. Be3 Nf5 15. Bf2
Re8 16. Qd2 b5 17. cxb5 a6 18. Rae1 axb5 19. Nxb5 Ba6 20. a4 Nc5 21. g4 hxg4 22.
hxg4 Nh6 23. g5 Ng4 24. Ned4 Nxf2 25. Qxf2 Rxe1 26. Qxe1 Bxd4+ 27. Nxd4 Bxf1 28.
Qxf1 Qe8 29. Qf3 Qe1+ 30. Kh2 Re8 31. b4 Qxb4 32. Nc6 Qe1 33. f5 Qh4+ 34. Bh3
Ne4 35. fxg6 fxg6 36. Qg4 Qxg4 37. Bxg4 Nxg5 38. a5 Ra8 39. Be2 Nf7 40. a6 Ne5
41. Nd4 Kf7 42. Ne6 c6 43. Kg3 cxd5 44. Nc7 Ra7 45. Nxd5 Ke6 46. Nb6 Nc6 47. Bb5
Nb4 48. Nc8 Rxa6 49. Bxa6 Nxa6 50. Kg4 Kd7 51. Nb6+ Kc6 52. Nc4 Kc5 53. Nxd6
Kxd6 54. Kg5 Nc5 55. Kxg6 Ke5 1/2-1/2

[Event "World Rapid Women 2021"]
[Site "Warsaw POL"]
[Date "2021.12.26"]
[Round "1.33"]
[White "Semenova, Elena1"]
[Black "Bodnaruk, Anastasia"]
[Result "1/2-1/2"]
[WhiteTitle "WIM"]
[BlackTitle "IM"]
[WhiteElo "2278"]
[BlackElo "2396"]
[WhiteFideId "24125148"]
[BlackFideId "4181751"]
[EventDate "2021.12.26"]

1. e4 d6 2. d4 g6 3. Nc3 Bg7 4. f4 Nf6 5. Nf3 O-O 6. e5 dxe5 7. fxe5 Nd5 8. Bc4
c6 9. O-O h6 10. Qe2 Be6 11. Ne4 Nd7 12. Bd2 Rc8 13. Bb3 b5 14. a4 Qb6 15. Kh1
a6 16. axb5 cxb5 17. Nc3 Nxc3 18. bxc3 Bc4 19. Bxc4 Rxc4 20. e6 Qxe6 21. Qxe6
fxe6 22. Rxa6 e5 23. Re1 exd4 24. Rxg6 Kh7 25. Rge6 dxc3 26. Bxh6 Bxh6 27. Rxe7+
Kg8 28. Rxd7 b4 29. Rb7 Bg7 30. Re6 Bf6 31. Reb6 Re4 32. Rxb4 Re2 33. Rg4+ Kh8
34. h3 Rxc2 35. Rg6 Rb2 36. Rh6+ Kg8 37. Rg6+ Kh8 38. Rh6+ Kg8 39. Rg6+ Kh8 40.
Rh6+ Kg8 1/2-1/2

[Event "World Rapid Women 2021"]
[Site "Warsaw POL"]
[Date "2021.12.26"]
[Round "1.34"]
[White "Kovanova, Baira"]
[Black "Rudzinska, Michalina"]
[Result "1/2-1/2"]
[WhiteTitle "WGM"]
[BlackTitle "WFM"]
[WhiteElo "2331"]
[BlackElo "2215"]
[WhiteFideId "4164083"]
[BlackFideId "1172883"]
[EventDate "2021.12.26"]

1. e4 c5 2. Nf3 d6 3. d4 cxd4 4. Nxd4 Nf6 5. Nc3 a6 6. Be3 e5 7. Nf3 Be7 8. Bc4
Be6 9. Bb3 O-O 10. O-O b5 11. Qe2 Qc8 12. Rfd1 Nbd7 13. Bg5 h6 14. Bxf6 Nxf6 15.
Nd5 Nxd5 16. Bxd5 Ra7 17. c3 Rc7 18. Ne1 f5 19. exf5 Bxd5 20. Rxd5 Qxf5 21. Nc2
Rc5 22. Ne3 Qe6 23. Rad1 Rxd5 24. Nxd5 Bg5 25. f3 Rc8 26. Qd3 Rc4 27. b3 Rc5 28.
Qe4 Qf7 29. Rd3 Rc8 30. a4 Qa7+ 31. Kf1 Qc5 32. axb5 axb5 33. Rd1 Qa3 34. Qc2
Ra8 35. Nb4 Be7 36. Qe4 Rc8 37. Qd5+ Kh8 38. Nc6 Bf8 39. Qxb5 Qa8 40. Na5 Rxc3
41. Nc4 Rc2 42. Ne3 Rb2 43. Nc4 Rc2 44. Ne3 Rb2 45. Nc4 Rc2 46. Ne3 1/2-1/2

[Event "World Rapid Women 2021"]
[Site "Warsaw POL"]
[Date "2021.12.26"]
[Round "1.35"]
[White "Malicka, Maria"]
[Black "Osmak, Yuliia"]
[Result "0-1"]
[WhiteTitle "FM"]
[BlackTitle "IM"]
[WhiteElo "2307"]
[BlackElo "2419"]
[WhiteFideId "1197576"]
[BlackFideId "14101602"]
[EventDate "2021.12.26"]

1. e4 c6 2. d4 d5 3. Nc3 dxe4 4. Nxe4 Bf5 5. Ng3 Bg6 6. h4 h6 7. Nf3 Nd7 8. h5
Bh7 9. Bd3 Bxd3 10. Qxd3 e6 11. Bd2 Ngf6 12. O-O-O Be7 13. Kb1 Qb6 14. c4 Qa6
15. Bf4 b5 16. Rc1 O-O 17. Ne5 bxc4 18. Qxc4 Qxc4 19. Rxc4 Nxe5 20. dxe5 Nd5 21.
Bd2 c5 22. Ne4 Nb6 23. Rc2 c4 24. Ba5 f5 25. exf6 gxf6 26. Bxb6 axb6 27. Rxc4 f5
28. Nc3 Bc5 29. f3 Rad8 30. Kc2 Kf7 31. b4 Be3 32. Rd1 Kf6 33. a4 Kg5 34. g4 Bf4
35. Rg1 Rd2+ 36. Kb3 Rd3 37. a5 bxa5 38. bxa5 Rb8+ 39. Ka4 Rxf3 40. gxf5+ Kxf5
41. a6 Be5 42. a7 Ra8 43. Nb5 Rf2 44. Ka5 Bf4 45. Kb6 Rb2 46. Rf1 e5 47. Kb7
Rxa7+ 48. Kxa7 Rxb5 49. Ka6 Rb2 50. Rc6 Kg4 51. Rh1 e4 52. Re6 e3 53. Ka5 e2 54.
Ka4 Kf3 55. Ka3 Rb5 56. Rc6 Re5 57. Rc3+ Kg2 58. Re1 Bd2 59. Rxe2+ Rxe2 60. Rd3
Bg5 61. Kb3 Re1 62. Kc4 Rh1 63. Kd5 Rxh5 64. Ke4 Rh1 65. Kf5 Bc1 66. Rc3 h5 67.
Rc2+ Kf3 68. Rc3+ Be3 0-1

[Event "World Rapid Women 2021"]
[Site "Warsaw POL"]
[Date "2021.12.26"]
[Round "1.36"]
[White "Bivol, Alina"]
[Black "Jarocka, Liwia"]
[Result "1-0"]
[WhiteTitle "IM"]
[BlackTitle "FM"]
[WhiteElo "2368"]
[BlackElo "2006"]
[WhiteFideId "4100123"]
[BlackFideId "21807558"]
[EventDate "2021.12.26"]

1. e4 c5 2. Nf3 d6 3. Bb5+ Bd7 4. Bxd7+ Qxd7 5. O-O Nc6 6. c3 Nf6 7. Re1 e5 8.
d4 Be7 9. Na3 O-O 10. Bg5 Ne8 11. dxc5 Bxg5 12. Nxg5 Qe7 13. Nf3 dxc5 14. Nc4
Rd8 15. Qe2 Nc7 16. Ne3 Qe6 17. Qc4 b6 18. Rad1 Qxc4 19. Nxc4 f6 20. Ne3 Ne7 21.
a4 Kf7 22. Kf1 Ke6 23. Ke2 Nc6 24. h4 Rxd1 25. Rxd1 Rd8 26. Ra1 Ne7 27. h5 Ne8
28. Nd2 Nd6 29. g4 g6 30. Rh1 g5 31. Ra1 Nb7 32. Nb3 Nd6 33. f3 Rc8 34. Rd1 c4
35. Nd2 Rc5 36. Ra1 a6 37. Kd1 a5 38. Kc2 Rc8 39. Rd1 Rc6 40. Ndf1 Nec8 41. Nd5
b5 42. axb5 Nxb5 43. Ra1 Ra6 44. Nfe3 Ncd6 45. Ra4 Ra7 46. Nxc4 Nxc4 47. Rxc4
Nd6 48. Rc6 a4 49. Nxf6 Rf7 50. Ne8 Kd7 51. Rxd6+ Kxe8 52. Rd3 Ke7 53. c4 Ke6
54. Kc3 Rb7 55. c5 Rb5 56. Kc4 Rxb2 57. c6 Rc2+ 58. Kb5 Ke7 59. Rd7+ Ke6 60. Ra7
Kd6 61. c7 a3 62. Rxa3 Rxc7 63. Ra6+ Ke7 64. Rh6 Kf8 65. Re6 Rf7 66. Rxe5 Rb7+
67. Kc6 Rb3 68. Rxg5 h6 69. Rf5+ Kg7 70. e5 Re3 71. Kd6 1-0

[Event "World Rapid Women 2021"]
[Site "Warsaw POL"]
[Date "2021.12.26"]
[Round "1.37"]
[White "Beydullayeva, Govhar"]
[Black "Garifullina, Leya"]
[Result "1-0"]
[WhiteTitle "WIM"]
[BlackTitle "WGM"]
[WhiteElo "2290"]
[BlackElo "2414"]
[WhiteFideId "13413015"]
[BlackFideId "34127035"]
[EventDate "2021.12.26"]

1. Nf3 d5 2. g3 Nf6 3. Bg2 e6 4. c4 Be7 5. O-O O-O 6. d4 dxc4 7. Qc2 a6 8. a4 c5
9. dxc5 Bxc5 10. Nbd2 b5 11. axb5 Bb7 12. Nxc4 axb5 13. Rxa8 Bxa8 14. Nce5 Bb6
15. Rd1 Qe7 16. Nd4 Bxg2 17. Kxg2 Qb7+ 18. f3 Rc8 19. Qb3 Rxc1 20. Rxc1 Bxd4 21.
Qd3 Bb6 22. Qxb5 h6 23. Nc4 Nbd7 24. Nxb6 Nxb6 25. Rc6 Nfd7 26. b4 g6 27. h4 h5
28. Rd6 Qc7 29. Rc6 Qa7 30. Qa5 Qb7 31. b5 Qb8 32. Qc3 Qa7 33. Rc7 Qa2 34. Kf2
Qd5 35. Qd3 Qxd3 36. exd3 Kf8 37. g4 Ke7 38. gxh5 gxh5 39. Rc6 Nd5 40. Rc8 Ne5
41. d4 Nd3+ 42. Kg3 Kd7 43. Rh8 Ne3 44. Rxh5 Kd6 45. Rh7 Nf5+ 46. Kh2 Nb4 47. h5
Ke7 48. b6 Nc6 49. Rh8 Kf6 50. b7 Nfxd4 51. Rg8 Nxf3+ 52. Kg3 Nfe5 53. h6 Ke7
54. h7 1-0

[Event "World Rapid Women 2021"]
[Site "Warsaw POL"]
[Date "2021.12.26"]
[Round "1.38"]
[White "Mamedjarova, Turkan"]
[Black "Kazarian, Anna-Maja"]
[Result "1-0"]
[WhiteTitle "WGM"]
[BlackTitle "FM"]
[WhiteElo "2264"]
[BlackElo "2138"]
[WhiteFideId "13402005"]
[BlackFideId "1033689"]
[EventDate "2021.12.26"]

1. d4 d5 2. c4 e6 3. Nc3 Nf6 4. Nf3 Be7 5. Bf4 O-O 6. e3 c6 7. c5 a5 8. Bd3 Nbd7
9. O-O b6 10. cxb6 Qxb6 11. Na4 Qa7 12. Rc1 c5 13. Ne5 Nxe5 14. Bxe5 c4 15. Bb1
Bd7 16. Nc3 Qb6 17. Qe2 Ne8 18. e4 f6 19. Bg3 Bd6 20. exd5 exd5 21. Nxd5 Qxd4
22. Bxd6 Nxd6 23. Rfd1 Qe5 24. Qxe5 fxe5 25. Nb6 Bg4 26. Rxd6 Rab8 27. f3 Bf5
28. Bxf5 Rxf5 29. Rxc4 Rf6 30. Rxf6 gxf6 31. Rc8+ 1-0

[Event "World Rapid Women 2021"]
[Site "Warsaw POL"]
[Date "2021.12.26"]
[Round "1.39"]
[White "Kurmangaliyeva, Liya"]
[Black "Socko, Monika"]
[Result "1-0"]
[WhiteTitle "FM"]
[BlackTitle "GM"]
[WhiteElo "2195"]
[BlackElo "2393"]
[WhiteFideId "13725831"]
[BlackFideId "1106619"]
[EventDate "2021.12.26"]

1. e4 e6 2. d4 d5 3. e5 c5 4. c3 Nc6 5. Nf3 Bd7 6. Be2 Nge7 7. O-O Ng6 8. Re1
Rc8 9. a3 c4 10. g3 f6 11. h4 fxe5 12. Nxe5 Ncxe5 13. dxe5 Bc5 14. Bh5 O-O 15.
Be3 Qb6 16. Bxg6 hxg6 17. Bxc5 Rxc5 18. Qc2 Rb5 19. Re2 Be8 20. a4 Ra5 21. Nd2
Qc6 22. Nf1 Rxa4 23. Rae1 Ra2 24. Qd2 b5 25. Ne3 a5 26. Ng4 b4 27. cxb4 axb4 28.
Qxb4 d4 29. Re4 Qd5 30. Qd6 d3 31. Rd4 Qc6 32. Qxc6 Bxc6 33. Rxc4 Bf3 34. Ne3
Rd8 35. Rb1 d2 36. Nd1 Be2 37. Rc3 Bd3 38. Rxd3 Rxd3 39. Kf1 Ra5 40. Ke2 Rb3 41.
Kxd2 Rxe5 42. Kc2 Rf3 43. b4 Re2+ 44. Kc1 Ra3 45. b5 Raa2 46. Nb2 Rxf2 47. b6
Rf1+ 48. Nd1 Ra8 49. Kd2 Rb8 50. Ke2 Rf5 51. Ne3 Rc5 52. Kd3 Rd8+ 53. Ke4 Rc6
54. Rb4 Rdc8 55. Kd4 Rd8+ 56. Ke4 Kf7 57. Nc4 Kf6 58. g4 Rb8 59. g5+ Ke7 60. b7
Rc7 61. Na5 Kd6 62. Rb6+ Kd7 63. Kd4 Rc1 64. Nb3 Rd1+ 65. Kc4 Rd6 66. Nc5+ Ke7
67. Kb5 e5 68. Na6 Rxb6+ 69. Kxb6 Rxb7+ 70. Kxb7 Ke6 71. Kc6 e4 72. Nb4 Ke5 73.
Nc2 Kf4 74. Kd5 e3 75. Nxe3 Kxe3 76. Ke6 Kf4 77. Kf7 Kg4 78. Kxg7 1-0

[Event "World Rapid Women 2021"]
[Site "Warsaw POL"]
[Date "2021.12.26"]
[Round "1.40"]
[White "Buksa, Nataliya"]
[Black "Parol, Pola"]
[Result "1-0"]
[WhiteTitle "IM"]
[BlackTitle "WFM"]
[WhiteElo "2401"]
[BlackElo "2067"]
[WhiteFideId "14123622"]
[BlackFideId "1163116"]
[EventDate "2021.12.26"]

1. e4 c5 2. Nf3 d6 3. Bb5+ Nd7 4. a4 a6 5. Be2 Ngf6 6. Nc3 e5 7. O-O Be7 8. d3
h6 9. Nd2 O-O 10. Nc4 Qc7 11. Ne3 Re8 12. g4 Nf8 13. Nf5 Ne6 14. Re1 Bd7 15. Bf1
Bf8 16. h4 Nh7 17. Be3 b5 18. Nd5 Qb7 19. axb5 axb5 20. Qd2 Bc6 21. Bg2 Rxa1 22.
Rxa1 Ra8 23. Re1 b4 24. c3 bxc3 25. bxc3 Bxd5 26. exd5 Nc7 27. f4 exf4 28. Bxf4
Qb6 29. g5 hxg5 30. hxg5 g6 31. Ne7+ Bxe7 32. Rxe7 Re8 33. Qe1 Rb8 34. Qf1 Rf8
35. Rd7 Ne8 36. Qe1 c4+ 37. d4 Qb5 38. Rd8 Qa4 39. Kh2 Qb5 40. Qe7 Qa4 41. Qd7
Qxd7 42. Rxd7 f6 43. Bxd6 Nxd6 44. Rxd6 Nxg5 45. Rc6 Kg7 46. Rxc4 Rd8 47. Rc7+
Kh6 48. Kg3 Nh7 49. c4 f5 50. c5 Nf6 51. d6 g5 52. Re7 Kg6 53. c6 f4+ 54. Kf2
Ng8 55. c7 Rf8 56. Rd7 Nf6 57. Rd8 1-0

[Event "World Rapid Women 2021"]
[Site "Warsaw POL"]
[Date "2021.12.26"]
[Round "1.41"]
[White "Goraj, Barbara"]
[Black "Nomin-Erdene, Davaademberel"]
[Result "0-1"]
[WhiteTitle "WCM"]
[BlackTitle "IM"]
[WhiteElo "2044"]
[BlackElo "2391"]
[WhiteFideId "21816166"]
[BlackFideId "4900782"]
[EventDate "2021.12.26"]

1. e4 c6 2. d4 d5 3. exd5 cxd5 4. Bd3 Nc6 5. c3 g6 6. h3 Bg7 7. Nf3 Nh6 8. O-O
O-O 9. Re1 f6 10. Qb3 Nf7 11. Be3 e5 12. dxe5 fxe5 13. Bf1 b6 14. Na3 Be6 15.
Rad1 Qf6 16. Qa4 Rac8 17. Ba6 Rc7 18. Nb5 Rd7 19. Na3 Ne7 20. Bb5 Rc7 21. Kh2
Nf5 22. Bc1 e4 23. Nd4 Nxd4 24. Qxd4 Ne5 25. Kg1 Rcf7 26. Be3 Qh4 27. Qd2 Bxh3
28. Qxd5 Bxg2 29. f3 exf3 30. Nc2 Ng4 0-1

[Event "World Rapid Women 2021"]
[Site "Warsaw POL"]
[Date "2021.12.26"]
[Round "1.42"]
[White "Ovod, Evgenija"]
[Black "Alymbai kyzy, Aizhan"]
[Result "1-0"]
[WhiteTitle "IM"]
[WhiteElo "2366"]
[BlackElo "1889"]
[WhiteFideId "4131827"]
[BlackFideId "13800043"]
[EventDate "2021.12.26"]

1. e4 c6 2. Nf3 d5 3. d3 dxe4 4. dxe4 Qxd1+ 5. Kxd1 Bg4 6. Be2 Nd7 7. Nbd2 O-O-O
8. Ne1 Bxe2+ 9. Kxe2 Ngf6 10. Nd3 e6 11. b3 Nc5 12. Ne5 Ncxe4 13. Nxf7 Bb4 14.
Nxe4 Nxe4 15. Nxh8 Nc3+ 16. Kf3 Rf8+ 17. Kg4 Ne4 18. Be3 Rxh8 19. Rad1 Rf8 20.
f3 Nc3 21. Rd3 Nd5 22. c4 Nf6+ 23. Kh3 b6 24. Rhd1 Kc7 25. Bf4+ Kb7 26. Be5 Nh5
27. g3 Rf5 28. Rd7+ Ka6 29. Bb8 b5 30. cxb5+ Rxb5 31. Rxa7+ Kb6 32. Rdd7 1-0

[Event "World Rapid Women 2021"]
[Site "Warsaw POL"]
[Date "2021.12.26"]
[Round "1.43"]
[White "Wikar, Martyna"]
[Black "Injac, Teodora"]
[Result "1/2-1/2"]
[WhiteTitle "WFM"]
[BlackTitle "WGM"]
[WhiteElo "2168"]
[BlackElo "2407"]
[WhiteFideId "21807663"]
[BlackFideId "932400"]
[EventDate "2021.12.26"]

1. e4 e5 2. Nf3 Nc6 3. Bc4 Bc5 4. d3 Nf6 5. O-O a6 6. Bb3 d6 7. c3 h6 8. Be3
Bxe3 9. fxe3 Qe7 10. c4 O-O 11. Nc3 Be6 12. Qe1 Nd7 13. Rd1 Bg4 14. Nd5 Qd8 15.
Qg3 Bxf3 16. Rxf3 Ne7 17. Rdf1 Nxd5 18. cxd5 Qg5 19. Qh3 Qe7 20. Rg3 Kh7 21. Ba4
Nb6 22. Bd1 g6 23. Qg4 a5 24. h4 h5 25. Qh3 Qd7 26. Qh2 a4 27. Bxh5 gxh5 28. Rf5
Qxf5 29. exf5 Nxd5 30. Rg5 Nf6 31. Qg3 Rg8 32. Qf3 c6 33. e4 d5 34. Rxh5+ Nxh5
35. Qxh5+ Kg7 36. Qg5+ Kh7 37. Qh5+ Kg7 38. f6+ Kxf6 39. Qf5+ Kg7 40. Qxe5+ Kh6
41. Qf4+ Kg7 42. h5 dxe4 43. dxe4 f6 44. h6+ Kg6 45. Qf5+ Kxh6 46. Qxf6+ Rg6 47.
Qh4+ Kg7 48. Qe7+ Kh6 49. Qh4+ Kg7 50. Qe7+ 1/2-1/2